00000000cam 2200000zi 4500
0019.954331
003CaOODSP
00520260128131823
006m     o  d f      
007cr cn|||||||||
008250829e20250819onc     ob   f000 0 fre d
040 |aCaOODSP|bfre|erda|cCaOODSP
043 |an-cn---
0861 |aH113-24/2025-17F-PDF
24500|aPicarbutrazox.
264 1|aOttawa (Ontario) : |bSanté Canada = Health Canada, |c19 août 2025.
264 4|c©2025
300 |a1 ressource en ligne (6 pages).
336 |atexte|btxt|2rdacontent/fre
337 |ainformatique|bc|2rdamedia/fre
338 |aressource en ligne|bcr|2rdacarrier/fre
4901 |aLimite maximale de résidus proposée, |x1925-086X ; |vPMRL2025-17
500 |aPublié aussi en anglais sous le titre : Picarbutrazox.
500 |aLe fichier de publication en format PDF a été remplacé le 26-08-2025 à la requête de Santé Canada, dont le résultat consiste seulement en des réglages insignifiants sans rapport au contenu textuel.
500 |a« Ce document est publié par l'Agence de réglementation de la lutte antiparasitaire de Santé Canada. »
504 |aComprend des références bibliographiques (page 6).
650 6|aFongicides|xCertification|zCanada.
650 6|aPesticides|xRésidus dans les aliments|xNormes|zCanada.
7101 |aCanada. |bAgence de réglementation de la lutte antiparasitaire, |eorganisme de publication.
77508|tPicarbutrazox.|w(CaOODSP)9.954330
830#0|aLimites maximales de résidus proposées,|x1925-086X ; |vPMRL2025-17.|w(CaOODSP)9.501545
85640|qPDF|s216 Ko|uhttps://publications.gc.ca/collections/collection_2025/sc-hc/h113-24/H113-24-2025-17-fra.pdf
8564 |qHTML|sS.O.|uhttps://www.canada.ca/fr/sante-canada/services/securite-produits-consommation/pesticides-lutte-antiparasitaire/public/consultations/limites-maximales-residus-proposees/2025/picarbutrazox/document.html